000 01276nam a2200337Ia 4500
001 ebr10135715
003 CaPaEBR
006 m u
007 cr cn|||||||||
008 050110s2005 nyu sb 001 0 eng d
010 _z 2005040466
020 _z1403982244
020 _z1403968357 (hbk.)
040 _aCaPaEBR
_cCaPaEBR
035 _a(OCoLC)123354481
050 1 4 _aJC574
_b.M25 2005eb
082 0 4 _a320.51
_222
100 1 _aMalachuk, Daniel S.
245 1 0 _aPerfection, the state, and Victorian liberalism
_h[electronic resource] /
_cDaniel S. Malachuk.
260 _aNew York :
_bPalgrave Macmillan,
_c2005.
300 _a210 p.
504 _aIncludes bibliographical references and index.
505 0 _aCh. 1. Perfection -- Ch. 2. The state -- Ch. 3. Experience -- Ch. 4. Culture.
533 _aElectronic reproduction.
_bPalo Alto, Calif. :
_cebrary,
_d2009.
_nAvailable via World Wide Web.
_nAccess may be limited to ebrary affiliated libraries.
650 0 _aLiberalism
_xHistory.
650 0 _aState, The.
650 0 _aPerfection.
655 7 _aElectronic books.
_2local
710 2 _aebrary, Inc.
856 4 0 _uhttp://site.ebrary.com/lib/rucke/Doc?id=10135715
_zAn electronic book accessible through the World Wide Web; click to view
999 _c189315
_d189315